000 00489nam a2200193 a 4500
001 1771666074557
003 YourLibrary
005 20260221145946.0
008 260221s2006##################000#0#eng##
020 _a9780060093693
082 0 4 _a338.476632
_bMCC
100 1 _aMcCoy, Elin,
_eauthor.
245 1 0 _aThe Emperor of Wine :
260 _bHarper Perennial,
_c2006.
300 _a384 pages
650 0 _aCooking.
942 _cENGLISH
040 _aYourLibrary
_beng
_cYourLibrary
999 _c615242
_d615242